Návrh laboratórneho termosolárneho systému pre prípravu teplej úžitkovej vody

Enregistré dans:
Détails bibliographiques
Auteur principal: Lipničan, Miroslav (Auteur)
Autres auteurs: Pípa, Marek (Directeur de thèse)
Format: Manuscrit Livre
Langue:slovaque
Publié: 2015
Sujets:
Accès en ligne:http://is.stuba.sk/zp/portal_zp.pl?podrobnosti=96896
Tags: Ajouter un tag
Pas de tags, Soyez le premier à ajouter un tag!

MARC

LEADER 00000ntm a22000003a 4500
001 stuzp48784
003 SK-STU
005 20160719153222.0
007 ta
008 150427s2015----xo-----f-mn---000-0-slo-d
040 |a STU  |b slo 
041 0 |a slo 
100 1 |a Lipničan, Miroslav  |u 032000  |4 aut  |U FEI Fakulta elektrotechniky a informatiky  |T FEI Ústav elektroenergetiky a aplikovanej elektrotechniky  |X 47589  |U E020  |Y 548  |7 47589 
242 0 1 |a Design of laboratory thermosolar system for preparing domestic hot water  |y eng 
245 1 0 |a Návrh laboratórneho termosolárneho systému pre prípravu teplej úžitkovej vody 
260 |c 2015 
300 |a 43 s.  |b CD-ROM 
650 4 |a slnečné kolektory  |2 slo 
650 4 |a ohrev teplej úžitkovej vody  |2 slo 
650 4 |a slnečná energia  |2 slo 
650 4 |a riadiaca regulačná jednotka  |2 slo 
650 4 |a solar energy  |2 eng 
650 4 |a solar collectors  |2 eng 
650 4 |a heating domestic hot water  |2 eng 
650 4 |a control regulating unit  |2 eng 
700 1 |a Pípa, Marek  |4 ths  |X 2666  |7 A000002666 
856 4 |u http://is.stuba.sk/zp/portal_zp.pl?podrobnosti=96896 
996 |b 284ER01746  |c E*Bc- 1746  |l EE32  |s P  |a 0  |w stuzp48784_0001 
SQL |a stuzp48784  |b DBP  |c SLO  |d Návrh laboratórneho termosolárneho systému pre prípravu teplej úžitkovej vody  |e 47589  |f Lipničan, Miroslav  |g 032000  |h 2666  |i Pípa, Marek  |j 20150709  |k 76  |l 03  |m http://is.stuba.sk/zp/portal_zp.pl?podrobnosti=96896  |n B-ELT  |o 5.2.9. elektrotechnika